01013nam a2200217 a 450000100100000000500170001000800410002702000150006804000250008310000420010824502050015026000470035530000270040249000390042970000390046870000320050771000880053983000460062795201050067399900170077800004141020201002034850.0131002s1989 sp 001 0 spa d a8400069617 aDO-SdBNPbspacBNPHU1 aRodríguez Adrados, Francisco91864110aEmerita :brevista de lingüística y filología clásica : índices de los volúmenes XXVIII-L /credactadas por Francisco Rodríguez Adrados, Ciriaca Morano Rodríguez y Petra Benito Olalla. aMadrid :bInstituto de Filología,c1989. aVIII, 321 p. ;c25 cm.1 aManuales y anejos de "Emerita"v8512aMorano Rodríguez, Ciriaca96806712aBenito Olalla, Petra96806812aInstituto de Filología (Consejo Superior de Investigaciones Científicas)968069 0aManuales y anejos de "Emerita"v85963832 001050718MOaGRbGRcCTd2013-10-02iLF1l0o p41410-10r2020-06-25w2020-06-25y1ZNo se presta c40900d40900